00250nam a2200109Ia 4500008004100000041001200041082001500053245004100068260000900109650000900118700001300127221030s9999 xx 000 0 und d aEnglish a105.23bBE 0aAssembly Language for the PCbFLOPPY c1997 aBook aP Narton